Kỹ thuật trồng dưa hấu Citrullus lanatus ( Thurnberg )
Spremljeno u:
| Glavni autor: | |
|---|---|
| Format: | Knjiga |
| Jezik: | Undetermined |
| Izdano: |
Tp. HCM
Nông Nghiệp
2000
|
| Teme: | |
| Oznake: |
Dodaj oznaku
Bez oznaka, Budi prvi tko označuje ovaj zapis!
|
| Thư viện lưu trữ: | Trung tâm Học liệu Trường Đại học Cần Thơ |
|---|
| LEADER | 00586nam a2200193Ia 4500 | ||
|---|---|---|---|
| 001 | CTU_39856 | ||
| 008 | 210402s9999 xx 000 0 und d | ||
| 020 | |b 5.000đ | ||
| 082 | |a 635.615 | ||
| 082 | |b C506 | ||
| 100 | |a Phạm Hồng Cúc | ||
| 245 | 0 | |a Kỹ thuật trồng dưa hấu Citrullus lanatus ( Thurnberg ) | |
| 245 | 0 | |c Phạm Hồng Cúc | |
| 260 | |a Tp. HCM | ||
| 260 | |b Nông Nghiệp | ||
| 260 | |c 2000 | ||
| 650 | |a horticulture,watermelons - planting - vietnam | ||
| 904 | |i Minh, 001207 | ||
| 980 | |a Trung tâm Học liệu Trường Đại học Cần Thơ | ||